Catálogo
 En Linea

Las diversas medidas de coerción y su aplicación en el proceso penal / (Registro nro. 60998)

Detalles MARC
000 -CABECERA
campo de control de longitud fija 02422nam a2200397 i 4500
003 - IDENTIFICADOR DEL NÚMERO DE CONTROL
campo de control DR-UNIBE
005 - FECHA Y HORA DE LA ÚLTIMA TRANSACCIÓN
campo de control 20260702153026.0
007 - CAMPO FIJO DE DESCRIPCIÓN FÍSICA--INFORMACIÓN GENERAL
campo de control de longitud fija ta
008 - DATOS DE LONGITUD FIJA--INFORMACIÓN GENERAL
campo de control de longitud fija 260702e2007 dr ||||gr|||||||| |bspa d
040 ## - FUENTE DE LA CATALOGACIÓN
Centro catalogador/agencia de origen BIBLIOTECA UNIBE
Lengua de catalogación spa
Centro/agencia modificador DO-SdBNP
Centro/agencia transcriptor BNPHU
Normas de descripción rda
041 ## - CÓDIGO DE LENGUA
Código de lengua del texto/banda sonora o título independiente spa
082 ## - NÚMERO DE LA CLASIFICACIÓN DECIMAL DEWEY
Número de clasificación RD 345.72930527 P328d 2007
Número de edición 22
100 1# - ENTRADA PRINCIPAL--NOMBRE DE PERSONA
Nombre de persona Paulino Baldera, Cristian de Jesús
Término indicativo de función/relación autor
9 (RLIN) 194006
245 14 - MENCIÓN DE TÍTULO
Título Las diversas medidas de coerción y su aplicación en el proceso penal /
Mención de responsabilidad, etc. Cristian de Jesús Paulino Baldera.
264 ## - PRODUCCIÓN, PUBLICACIÓN, DISTRIBUCIÓN, FABRICACIÓN Y COPYRIGHT
Producción, publicación, distribución, fabricación y copyright Santo Domingo, República Dominicana :
Nombre del de productor, editor, distribuidor, fabricante Circulo de Estudio Jurídico Vegano,
Fecha de producción, publicación, distribución, fabricación o copyright 2007.
300 ## - DESCRIPCIÓN FÍSICA
Extensión 387 páginas ;
Dimensiones 24 x 16 cm.
336 ## - TIPO DE CONTENIDO
Término de tipo de contenido texto
Código de tipo de contenido txt
Fuente rdacontent
337 ## - TIPO DE MEDIO
Nombre/término del tipo de medio sin mediación
Código del tipo de medio n
Fuente rdamedia
338 ## - TIPO DE SOPORTE
Nombre/término del tipo de soporte volumen
Código del tipo de soporte nc
Fuente rdacarrier
504 ## - NOTA DE BIBLIOGRAFÍA, ETC.
Nota de bibliografía, etc. Incluye referencias bibliográficas (páginas: 384-387) e índice.
505 0# - NOTA DE CONTENIDO CON FORMATO
Nota de contenido con formato Dedicatoria |Presentación |Prólogo |Introducción |<br/>Capítulo 1. Concepto y naturaleza jurídica de la prisión preventiva |<br/>Capítulo 2. La prisión preventiva en el Código de Procedimiento Criminal de 1884 |<br/>Capítulo 3. Fuente legal de prisión preventiva en el nuevo Código Procesal Penal (Ley 76-02) |<br/>Capítulo 4. Principios y condiciones para establecer la prisión preventiva en el nuevo Código Procesal Penal |<br/>Capítulo 5. Procedencia de la prisión preventiva |<br/>Capítulo 6. Duración de la prisión preventiva en la fase preliminar |<br/>Capítulo 7. Procedimiento que acuerda la prisión preventiva |<br/>Capítulo 8. Medidas alternativas a la prisión preventiva |<br/>Capítulo 9. Medidas cautelares reales |<br/>Capítulo 10. El arresto |<br/>Capítulo 11. Breve recopilación de la jurisprudencias garantistas<br/><br/>
590 ## - NOTA LOCAL (RLIN)
Nota local Inventariado, 2026/WG.
650 #7 - PUNTO DE ACCESO ADICIONAL DE MATERIA--TÉRMINO DE MATERIA
Término de materia o nombre geográfico como elemento de entrada Coacción (Derecho)
Subdivisión geográfica República Dominicana
9 (RLIN) 194031
650 #7 - PUNTO DE ACCESO ADICIONAL DE MATERIA--TÉRMINO DE MATERIA
Término de materia o nombre geográfico como elemento de entrada Detención preventiva
Subdivisión geográfica República Dominicana
9 (RLIN) 194032
650 #7 - PUNTO DE ACCESO ADICIONAL DE MATERIA--TÉRMINO DE MATERIA
Término de materia o nombre geográfico como elemento de entrada Procedimiento penal
Subdivisión geográfica República Dominicana
9 (RLIN) 15663
650 #7 - PUNTO DE ACCESO ADICIONAL DE MATERIA--TÉRMINO DE MATERIA
Fuente del encabezamiento o término lemb
Término de materia o nombre geográfico como elemento de entrada Proceso penal
9 (RLIN) 55270
650 #7 - PUNTO DE ACCESO ADICIONAL DE MATERIA--TÉRMINO DE MATERIA
Término de materia o nombre geográfico como elemento de entrada Jurisprudencia penal
9 (RLIN) 50252
650 #7 - PUNTO DE ACCESO ADICIONAL DE MATERIA--TÉRMINO DE MATERIA
Término de materia o nombre geográfico como elemento de entrada Administración de justicia penal
650 #7 - PUNTO DE ACCESO ADICIONAL DE MATERIA--TÉRMINO DE MATERIA
Término de materia o nombre geográfico como elemento de entrada Derecho penal
9 (RLIN) 17405
650 #7 - PUNTO DE ACCESO ADICIONAL DE MATERIA--TÉRMINO DE MATERIA
Término de materia o nombre geográfico como elemento de entrada Medidas cautelares
9 (RLIN) 90471
650 #7 - PUNTO DE ACCESO ADICIONAL DE MATERIA--TÉRMINO DE MATERIA
Término de materia o nombre geográfico como elemento de entrada Recursos provisionales
9 (RLIN) 29411
700 1# - PUNTO DE ACCESO ADICIONAL--NOMBRE DE PERSONA
Nombre de persona González Canahuate, L. Almanzor,
Fechas asociadas al nombre 1935-
Término indicativo de función/relación editor
9 (RLIN) 14808
700 1# - PUNTO DE ACCESO ADICIONAL--NOMBRE DE PERSONA
Nombre de persona Álvarez Valencia, Hugo
Término indicativo de función/relación prologuista
9 (RLIN) 52680
700 1# - PUNTO DE ACCESO ADICIONAL--NOMBRE DE PERSONA
Nombre de persona Campos Calderón, J. Federico
Término indicativo de función/relación introducción
9 (RLIN) 194007
942 ## - ELEMENTOS DE PUNTO DE ACCESO ADICIONAL (KOHA)
Fuente del sistema de clasificación o colocación Dewey Decimal Classification
Tipo de ítem Koha Libro
Existencias
Estado de retiro Estado de pérdida Fuente del sistema de clasificación o colocación Restricciones de uso No para préstamo Código de colección Localización permanente Ubicación/localización actual Ubicación en estantería Fecha de adquisición Total de préstamos Signatura topográfica completa Código de barras Fecha visto por última vez Precio válido a partir de Tipo de ítem Koha Número de copia
    Dewey Decimal Classification Excluido de préstamo   Patrimonio Dominicano Biblioteca Nacional Pedro Henríquez Ureña Biblioteca Nacional Pedro Henríquez Ureña En catalogación 02.07.2026   RD 345.72930527 P328d 2007 2026-5755 02.07.2026 02.07.2026 Libro  
    Dewey Decimal Classification Excluido de préstamo   Patrimonio Dominicano Biblioteca Nacional Pedro Henríquez Ureña Biblioteca Nacional Pedro Henríquez Ureña En catalogación 02.07.2026   RD 345.72930527 P328d 2007 2026-5756 02.07.2026 02.07.2026 Libro e.2
    Dewey Decimal Classification Excluido de préstamo   Patrimonio Dominicano Biblioteca Nacional Pedro Henríquez Ureña Biblioteca Nacional Pedro Henríquez Ureña En catalogación 02.07.2026   RD 345.72930527 P328d 2007 2026-5757 02.07.2026 02.07.2026 Libro e.3
    Dewey Decimal Classification Excluido de préstamo   Patrimonio Dominicano Biblioteca Nacional Pedro Henríquez Ureña Biblioteca Nacional Pedro Henríquez Ureña En catalogación 02.07.2026   RD 345.72930527 P328d 2007 2026-5758 02.07.2026 02.07.2026 Libro e.4
    Dewey Decimal Classification Excluido de préstamo   Patrimonio Dominicano Biblioteca Nacional Pedro Henríquez Ureña Biblioteca Nacional Pedro Henríquez Ureña En catalogación 02.07.2026   RD 345.72930527 P328d 2007 2026-5759 02.07.2026 02.07.2026 Libro e.5

Con tecnología Koha